| 000 | 004370000a22001690004500 | ||
|---|---|---|---|
| 003 | MACL | ||
| 005 | 20151231124534.0 | ||
| 008 | 151231b xxu||||| |||| 00| 0 eng d | ||
| 040 |
_aMACL _cMACL |
||
| 041 | _aEnglish | ||
| 082 | _a364.152/BHA | ||
| 100 |
_aBhatt H S _925563 |
||
| 245 | _aPortrait Of a Political Murder | ||
| 260 |
_bDeep & Deep Publications _aNew Delhi |
||
| 650 |
_aCriminology _925564 |
||
| 942 |
_cBK _k364.152/Bha _2ddc |
||
| 999 |
_c34228 _d34228 |
||